000 00692nam a2200253Ia 4500
003 OSt
005 20221007102329.0
006 a|||||r|||| 00| 0
007 ta
008 221006b |||||||| |||| 00| 0 eng d
024 _a10,063
037 _cReference Collections
040 _aLCO
_cLCO
_beng
041 _2eng
_aeng
082 _aY15:4:6, P1
100 _aMurthy R.K. Au.
_9704418
245 0 _aBuilding Women's Capacities
250 _aIst
260 _aNew
_bDelhi Lexis, Nexis Butterworths India
_c2001
300 _a383
650 _aWomen Capacities
_9704419
942 _hY15:4:6, P1
_cREF
999 _c1179626
_d1179626